| 000 | 00660cam a22002411 4500 | ||
|---|---|---|---|
| 001 | sa 68000113 | ||
| 003 | DLC | ||
| 005 | 20260227112420.0 | ||
| 008 | 881102s1967 ii 000 0 hino | ||
| 010 | _asa 68000113 | ||
| 035 | _a(OCoLC)23548866 | ||
| 040 |
_aDLC _cMiU _dNRU _dDLC |
||
| 042 | _apremarc | ||
| 050 | 0 | 0 |
_aPK2095.N3 _bZ75 |
| 100 | 1 | _aKhattar, Ramesh Kumar. | |
| 245 | 0 | 0 |
_aNandadāsa. _c[Lekhaka] Rameśa Khaṭṭara. |
| 250 | _a[1. saṃskaraṇa | ||
| 260 |
_aDillī] _bSāmyika Prakāsana _c[1967] |
||
| 300 |
_a401 p. _c22 cm. |
||
| 500 | _aIn Hindi. | ||
| 504 | _aBibliography: p. [393]-401. | ||
| 600 | 0 | 0 |
_aNandadāsa, _dactive 1568. |
| 999 |
_c76956 _d76956 |
||